| 000 | 00584nam a2200217Ia 4500 | ||
|---|---|---|---|
| 003 | OSt | ||
| 005 | 20230503100423.0 | ||
| 008 | 210423s2011 xx 000 0 und d | ||
| 040 | _cAL | ||
| 041 | _aeng | ||
| 082 |
_a621.366 THYK _223 |
||
| 100 |
_aTHYAGARAJAN (K);GHATAK (Ajoy). _994642 |
||
| 245 | _aLasers: fundamentals and applications. | ||
| 250 | _a2 | ||
| 260 |
_aNew Delhi _bMacmillan India Ltd _c2011 |
||
| 300 |
_axvii,577 _bPB |
||
| 365 |
_b395 _cINR |
||
| 650 |
_aElectric Engineering _994643 |
||
| 906 | _aapplications. ; fundamentals ; Lasers: | ||
| 942 |
_2ddc _cBK |
||
| 999 |
_c161912 _d161912 |
||